01824agaaa2200313 45000010005000000030009000050050017000140070009000310080040000400400023000800410013001031000043001161300047001592400038002062450128002442460031003722500022004032600155004253000033005805080088006135110018007015200531007195380016012505460013012666500059012797000061013387000055013997000056014545242IT-RoPAU20220918181253.0d cvaizq50131s9999||||xx ||| | || ||und|| aIT-RoPAUcIT-RoPAU aITALIANO aLoach KengCodice regista SPICS: 58043 a11 SETTEMBRE 2001 - KEN LOACH, REGNO UNITO a"11'09""01 - SEPTEMBER 11"gT3470 a11 SETTEMBRE 2001 - KEN LOACH, REGNO UNITOcDiretto da: Loach Kenp11 SETTEMBRE 2001 (Rif. Codice opera principale : H5230) a"11'09""01 - SEPTEMBER 11" aEdizione Standard a(UK - USA - FRA - EGY)bGALATEE FILM - ZETA FILM - STUDIO CANAL / Distribuzione: MULTIMEDIA SAN PAOLOg"2002 (1° ed.: 2004 ; Ed. Lingua Orig.: 2002)" aDVDbsonoro, col.c11 minuti a"Fotografia: Willowghby Nigel; Montaggio: Morris Jonathan; Musica: Vega Vladimir; " aVaga Vladimir aUNDICI REGISTI DI PAESI E CULTURE DIVERSI HANNO REALIZZATO CIASCUNO UN BREVE DOCUMENTARIO, LUNGO OGNUNO 11 MINUTI, 9 SECONDI E UN FOTOGRAMMA, SUI TRAGICI FATTI SUCCEDUTI A NEW YORK L'11 SETTEMBRE 2001. KEN LOACH COGLIE L'OCCASIONE PER RICORDARE LA TRAGEDIA DI UN ALTRO 11 SETTEMBRE, QUELLO IN CUI GLI AMETICANI NEL 1973 RITENNERO INTOLLERABILE LA SOPRAVVIVENZA IN CILE DI UNGOVERNO DI SINISTRA ELETTO DAL POPOLO, PER CUI AIUTARONO IL GOLPE DI PINOCHET E, QUINDI, L'ASSASSINIO DI ALLENDE E, IN SEGUITO, DI ALTRE 30.000 PERSONE. aPAL, STEREO aITALIANO aDRAMMATICOeDVD-FILM [DVD]xCodice MATERIA SPICS: 9947 aBrigand Alain e(soggetto)gCodice Soggetto SPICS: 58039 aLoach Ken e(regista)gCodice regista SPICS: 58043 aVega Vladimire(musica)gCodice Musica SPICS: 58044